Pracovná téza súčasného dlhodobého hospodárskeho vývoja

Gespeichert in:
Bibliographische Detailangaben
1. Verfasser: Prachár, Ivan
Format: Buch
Sprache:Slowakisch
Veröffentlicht: Bratislava Prognostický ústav SAV 2003
Schriftenreihe:Pracovné materiály č. 16
Schlagworte:
Tags: Tag hinzufügen
Keine Tags, Fügen Sie das erste Tag hinzu!

MARC

LEADER 00000nam$a2200000$$$4500
001 0020840
005 20221014085002.4
022 |a 0862-9137 
041 0 |a slo 
044 |a SK 
245 1 0 |a Pracovná téza súčasného dlhodobého hospodárskeho vývoja  |c Ivan Prachár 
264 1 |a Bratislava  |b Prognostický ústav SAV  |c 2003 
300 |a 42 s. 
490 1 |a Pracovné materiály  |v č. 16 
830 0 |a Pracovné materiály  |v č. 16 
610 2 0 |a vývoj hospodársky 
610 2 0 |a globalizácia hospodárstva 
610 2 0 |a kríza hospodárska 
610 2 0 |a hospodárstvo národné 
100 1 |a Prachár, Ivan